[Event "Budapest Karacsonyi op 10th"]
[Site "Budapest"]
[Date "2018.12.28"]
[Round "3"]
[White "Bolyai, Istvan"]
[Black "Szlenka, Attila"]
[Result "0-1"]
[WhiteElo "1891"]
[BlackElo "1785"]
[PlyCount "106"]
[EventDate "2018.12.27"]
[EventType "swiss"]
[EventRounds "7"]
[EventCountry "HUN"]
[SourceTitle "CBM 188 Extra"]
[Source "ChessBase"]
[SourceDate "2019.02.26"]
[SourceVersion "1"]
[SourceVersionDate "2019.02.26"]
[SourceQuality "1"]

1. e4 Nf6 2. Nc3 d5 3. exd5 Nxd5 4. Nxd5 Qxd5 5. Nf3 g6 6. Be2 Bg7 7. 0-0 0-0 8. c3 c5 9. b3 Nc6 10. Bb2 Bf5 11. Re1 e5 12. d3 Rad8 13. c4 Qd6 14. a3 Rfe8 15. Qc1 Bxd3 16. Rd1 e4 17. Ne1 Bxb2 18. Qxb2 Qe5 19. Nxd3 exd3 20. Qxe5 Nxe5 21. Bf1 Rd4 22. f4 Rxf4 23. Bxd3 Rd4 24. Be2 Red8 25. Kf1 Kg7 26. Ke1 f5 27. Ra2 Rxd1+ 28. Bxd1 Kf6 29. Rd2 Rxd2 30. Kxd2 b6 31. Ke3 g5 32. g3 g4 33. Be2 a5 34. Kf4 h5 35. a4 Ng6+ 36. Ke3 Kg5 37. Bf1 Nf8 38. Be2 Ne6 39. Bd1 Nd4 40. Kf2 f4 41. gxf4+ Kxf4 42. Kg2 h4 43. Kf2 h3 44. Kg1 Nf3+ 45. Kh1 Ne5 46. Kg1 Ke3 47. Kf1 Kd2 48. Be2 Kc3 49. Bd1 Kd2 50. Be2 Ke3 51. Bd1 Kd2 52. Be2 Kc2 53. Bd1+ Kxd1 0-1

[Event "Budapest Karacsonyi 7th"]
[Site "Budapest"]
[Date "2015.12.30"]
[Round "6"]
[White "Bolyai, Istvan"]
[Black "Peterfia, Ferenc"]
[Result "1-0"]
[WhiteElo "1965"]
[BlackElo "1542"]
[PlyCount "73"]
[EventDate "2015.12.27"]
[EventType "swiss"]
[EventRounds "7"]
[EventCountry "HUN"]
[SourceTitle "CBM 170 Extra"]
[Source "ChessBase"]
[SourceDate "2016.02.25"]
[SourceVersion "1"]
[SourceVersionDate "2016.02.25"]
[SourceQuality "1"]

1. e4 c5 2. Nf3 Nc6 3. d4 cxd4 4. Nxd4 Nf6 5. Nxc6 bxc6 6. Bd3 e5 7. 0-0 Be7 8. c4 0-0 9. Nc3 Bb7 10. Kh1 d5 11. cxd5 cxd5 12. exd5 Nxd5 13. Qc2 h6 14. Rd1 Qa5 15. Nxd5 Bxd5 16. Qe2 Be6 17. Qh5 f5 18. f4 Kh7 19. fxe5 Qxe5 20. Rf1 Rad8 21. Bf4 Qf6 22. Qe2 Bd6 23. Rad1 Bxf4 24. Rxf4 g5 25. Ra4 Rd7 26. Ra6 Re7 27. Re1 Rfe8 28. Rf1 Qf7 29. Qc2 Kg7 30. Qc3+ Kg8 31. h3 f4 32. Qc2 Kg7 33. Qc6 Qf6 34. Qe4 Kg8 35. Re1 Qg7 36. Rxe6 Rxe6 37. Bc4 1-0

[Event "Budapest Karacsonyi 7th"]
[Site "Budapest"]
[Date "2015.12.28"]
[Round "2"]
[White "Bolyai, Istvan"]
[Black "Palocz, Katalin"]
[Result "1/2-1/2"]
[WhiteElo "1965"]
[BlackElo "1396"]
[PlyCount "81"]
[EventDate "2015.12.27"]
[EventType "swiss"]
[EventRounds "7"]
[EventCountry "HUN"]
[SourceTitle "CBM 170 Extra"]
[Source "ChessBase"]
[SourceDate "2016.02.25"]
[SourceVersion "1"]
[SourceVersionDate "2016.02.25"]
[SourceQuality "1"]

1. e4 e5 2. Nf3 Nc6 3. Bc4 Bc5 4. c3 Nf6 5. d4 exd4 6. e5 d5 7. Bb5 Ne4 8. cxd4 Bb6 9. h3 0-0 10. 0-0 Bf5 11. Nc3 a6 12. Ba4 h6 13. Bb3 Nxc3 14. bxc3 Ne7 15. Ba3 Re8 16. Nh4 Bh7 17. f4 Nf5 18. Nxf5 Bxf5 19. g4 Be4 20. Kh2 Re6 21. f5 Rc6 22. Qd2 Ba5 23. Rac1 b5 24. f6 gxf6 25. Qxh6 Bg6 26. Rxf6 Rxf6 27. exf6 Qxf6 28. Bxd5 Qf2+ 29. Bg2 c5 30. Bxc5 Bc7+ 31. Kh1 Re8 32. d5 Re1+ 33. Rxe1 Qxe1+ 34. Bg1 Bb6 35. Kh2 Qxg1+ 36. Kg3 Bc7+ 37. Kf3 Qd1+ 38. Kf2 Bb6+ 39. Kg3 Bc7+ 40. Kf2 Bb6+ 41. Kg3 1/2-1/2

[Event "Budapest Karacsonyi 7th"]
[Site "Budapest"]
[Date "2015.12.27"]
[Round "1"]
[White "Pasztor, Balazs"]
[Black "Bolyai, Istvan"]
[Result "1/2-1/2"]
[WhiteElo "1695"]
[BlackElo "1965"]
[PlyCount "191"]
[EventDate "2015.12.27"]
[EventType "swiss"]
[EventRounds "7"]
[EventCountry "HUN"]
[SourceTitle "CBM 170 Extra"]
[Source "ChessBase"]
[SourceDate "2016.02.25"]
[SourceVersion "1"]
[SourceVersionDate "2016.02.25"]
[SourceQuality "1"]

1. e4 e5 2. Nf3 Nc6 3. Bc4 Nf6 4. d3 Be7 5. 0-0 d6 6. c3 0-0 7. Bb3 Bg4 8. h3 Bh5 9. Nbd2 d5 10. exd5 Nxd5 11. Ne4 Kh8 12. Re1 f6 13. Ng3 Bf7 14. Nf5 Bc5 15. d4 exd4 16. N3xd4 Nxd4 17. cxd4 Bb4 18. Bd2 Bxd2 19. Qxd2 Qd7 20. Ne3 Nf4 21. Bxf7 Rxf7 22. Nc4 Nxg2 23. Kxg2 Qd5+ 24. f3 Qxc4 25. b3 Qd5 26. Re2 Rd8 27. Qf4 g5 28. Qd2 h5 29. Rae1 Rdd7 30. Qd3 Kg7 31. Re8 g4 32. hxg4 hxg4 33. Rh1 Qxf3+ 34. Qxf3 gxf3+ 35. Kxf3 Rxd4 36. Rg1+ Kh7 37. Ke3 Rh4 38. Rgg8 Rh6 39. Kf4 Rd7 40. Rh8+ Kg6 41. Rhg8+ Kh5 42. Re2 Rd4+ 43. Ke3 Rg4 44. Rh2+ Rh4 45. Rhg2 Rh7 46. Rf8 Rg4 47. Rh2+ Kg6 48. Rxf6+ Kxf6 49. Rxh7 Rg7 50. Rh6+ Ke5 51. Rh5+ Kd6 52. Kd3 c5 53. a4 a6 54. Kc3 Re7 55. Kc4 Re4+ 56. Kd3 Re5 57. Rh7 Rd5+ 58. Kc3 Kc6 59. Rg7 b5 60. axb5+ axb5 61. Rg6+ Rd6 62. Rg4 Rf6 63. Rg8 Rf3+ 64. Kc2 Kb6 65. Rg5 Rf2+ 66. Kd3 Rf3+ 67. Kc2 Rf6 68. Rg4 Ka5 69. Re4 Rd6 70. Kc3 Rd4 71. Re8 Rd6 72. Ra8+ Ra6 73. Rc8 Kb6 74. Rb8+ Kc6 75. Rc8+ Kd5 76. b4 Ra3+ 77. Kb2 cxb4 78. Rd8+ Kc4 79. Rc8+ Kd5 80. Rd8+ Kc6 81. Rd4 Kc5 82. Rh4 Rc3 83. Rh5+ Kb6 84. Rh6+ Rc6 85. Rh4 Ka5 86. Rh1 Rc3 87. Rh8 Rg3 88. Rb8 Ka6 89. Ra8+ Kb7 90. Rh8 b3 91. Rh6 Kc7 92. Rf6 Kd7 93. Rb6 Rg5 94. Kxb3 Kc7 95. Rh6 Rd5 96. Kb4 1/2-1/2

[Event "Budapest-chT1 Lilienthal 1213"]
[Site "Budapest"]
[Date "2013.02.03"]
[Round "7"]
[White "Makai, Gyorgy"]
[Black "Bolyai, Istvan"]
[Result "1-0"]
[WhiteElo "1964"]
[BlackElo "2018"]
[PlyCount "69"]
[EventDate "2012.09.30"]
[EventType "team-tourn"]
[EventRounds "11"]
[EventCountry "HUN"]
[SourceTitle "EXT 2019"]
[Source "ChessBase"]
[SourceDate "2018.10.10"]
[SourceVersion "1"]
[SourceVersionDate "2018.10.10"]
[SourceQuality "1"]
[WhiteTeam "Budapest RAC"]
[BlackTeam "Sarkany II"]
[WhiteTeamCountry "HUN"]
[BlackTeamCountry "HUN"]

1. d4 d5 2. Nf3 Nf6 3. g3 Bg4 4. Bg2 e6 5. Ne5 Bf5 6. Nd2 c5 7. c4 cxd4 8. Qa4+ Nbd7 9. Nb3 Be4 10. Bxe4 dxe4 11. Nxd4 Qb6 12. Nc2 Bd6 13. Nxd7 Nxd7 14. 0-0 Qc7 15. Rd1 0-0 16. Ne3 f5 17. b4 Nb6 18. Qb3 Be5 19. Rb1 f4 20. Ng4 fxg3 21. hxg3 Rf7 22. a4 Raf8 23. a5 Nxc4 24. Nxe5 Nxe5 25. Bf4 g5 26. Rbc1 Qb8 27. Bxg5 Ng4 28. Qxe6 Nxf2 29. Bf4 Nh3+ 30. Qxh3 Rxf4 31. gxf4 Qxf4 32. Rc8 Qf2+ 33. Kh1 Qxe2 34. Qe6+ Kg7 35. Rg1+ 1-0

[Event "Budapest Karacsonyi op 4th"]
[Site "Budapest"]
[Date "2012.12.28"]
[Round "2"]
[White "Mihalka, Zsolt"]
[Black "Bolyai, Istvan"]
[Result "1-0"]
[WhiteElo "2183"]
[BlackElo "2018"]
[PlyCount "33"]
[EventDate "2012.12.27"]
[EventType "swiss"]
[EventRounds "7"]
[EventCountry "HUN"]
[SourceTitle "EXT 2014"]
[Source "ChessBase"]
[SourceDate "2013.11.20"]
[SourceVersion "1"]
[SourceVersionDate "2013.11.20"]
[SourceQuality "1"]

1. e4 e5 2. Nf3 Nc6 3. Bc4 Bc5 4. b4 Bxb4 5. c3 Ba5 6. d4 exd4 7. 0-0 Nge7 8. cxd4 d5 9. exd5 Nxd5 10. Ba3 Bg4 11. Qb3 Bxf3 12. Qxf3 Nf6 13. Nc3 Qd7 14. d5 Qg4 15. Qe3+ Kd8 16. dxc6 Qxc4 17. cxb7 1-0

[Event "HUN-chT2 Breyer 1011"]
[Site "Hungary"]
[Date "2011.05.01"]
[Round "10.8"]
[White "Toth, Tamas"]
[Black "Bolyai, Istvan"]
[Result "1/2-1/2"]
[WhiteElo "2004"]
[BlackElo "2034"]
[PlyCount "134"]
[EventDate "2010.09.12"]
[EventType "team-tourn"]
[EventRounds "11"]
[EventCountry "HUN"]
[SourceTitle "EXT 2012"]
[Source "ChessBase"]
[SourceDate "2011.11.24"]
[SourceVersion "1"]
[SourceVersionDate "2011.11.24"]
[SourceQuality "1"]
[WhiteTeam "Turul"]
[BlackTeam "Sarkany"]
[WhiteTeamCountry "HUN"]
[BlackTeamCountry "HUN"]

1. d4 d5 2. Nf3 c6 3. e3 Bg4 4. c4 Nf6 5. Qb3 Qc7 6. Ne5 e6 7. Nxg4 Nxg4 8. h3 Nf6 9. Nd2 Nbd7 10. Nf3 Be7 11. cxd5 exd5 12. Bd2 0-0 13. Rc1 Ne4 14. Qxd5 Nxd2 15. Nxd2 Bb4 16. a3 Nf6 17. Qf5 Bxd2+ 18. Kxd2 Rfd8 19. Rc5 b6 20. Rc4 Rd5 21. Qc2 c5 22. Kc1 Qd7 23. Be2 Rd8 24. Bf3 Rd6 25. Rd1 cxd4 26. Rdxd4 g6 27. Rxd6 Qxd6 28. Rc6 Qe7 29. Rc7 Qe6 30. Qc4 Qxc4+ 31. Rxc4 Rd7 32. Kc2 Kg7 33. Kc3 h5 34. b4 Ng8 35. b5 Nf6 36. Rd4 Rc7+ 37. Bc6 Kf8 38. Kd3 Ke7 39. e4 Nh7 40. f4 f6 41. e5 fxe5 42. Re4 Nf8 43. Rxe5+ Kf6 44. g4 hxg4 45. hxg4 Re7 46. g5+ Kf7 47. Kd4 Ne6+ 48. Ke3 Nc5 49. Rxe7+ Kxe7 50. Be4 Kf7 51. f5 gxf5 52. Bxf5 Nb7 53. Kd4 Nd6 54. Bd3 Ke6 55. g6 Nb7 56. Be4 Nc5 57. Bd3 Nb7 58. Kc3 Kf6 59. Kb4 Nc5 60. Bc2 Nb7 61. a4 Na5 62. Be4 Kg7 63. Kc3 Kf6 64. Bd5 Kxg6 65. Kd4 Kf6 66. Ke4 Ke7 67. Ke5 Kd7 1/2-1/2